| 000 | 00697nam a2200193Ia 4500 | ||
|---|---|---|---|
| 003 | GCL | ||
| 008 | 140319s9999 xx 000 0 ara d | ||
| 040 |
_aGCL / _cGCL |
||
| 082 | 0 | 4 |
_aد _b050 |
| 100 | 1 | _aرشاد عبدالله الشامى | |
| 245 | 1 | 0 |
_aالقوى الدينية فى اسرائيل: بين تكفير الدولة ولعبة السياسة ( عالم المعرفة 186 ) / _cرشاد عبدالله الشامى |
| 300 | _a368 ص | ||
| 490 |
_aعالم المعرفة _v0 |
||
| 650 | 0 | 4 | _aاسرائيل |
| 650 | 0 | 4 | _aالصهيونية |
| 650 | 0 | 4 | _aالصهيونية واليهودية |
| 650 | 0 | 4 | _aاسرائيل - الاحزاب السياسية |
| 942 |
_2ddc _cBK |
||
| 999 |
_c50329 _d50329 |
||